[Event "Muensterland Verbandsliga 2122"]
[Site "Germany"]
[Date "2021.11.13"]
[Round "2.3"]
[White "Hols, Bernhard"]
[Black "Lanfer, Stefanie"]
[Result "1-0"]
[WhiteElo "1800"]
[BlackElo "1874"]
[PlyCount "74"]
[EventDate "2021.10.02"]
[EventType "team-tourn"]
[EventRounds "2"]
[EventCountry "GER"]
[SourceTitle "EXT 2023"]
[Source "ChessBase"]
[SourceDate "2022.10.05"]
[SourceVersion "1"]
[SourceVersionDate "2022.10.05"]
[SourceQuality "1"]
[WhiteTeam "Nordwalde"]
[BlackTeam "Gescher"]
[WhiteTeamCountry "GER"]
[BlackTeamCountry "GER"]

1. d4 c6 2. e4 d5 3. exd5 cxd5 4. Bd3 Nc6 5. c3 Nf6 6. h3 e6 7. Nf3 Bd6 8. a4 Bd7 9. Na3 a6 10. 0-0 0-0 11. Re1 Qc7 12. c4 dxc4 13. Nxc4 Nb4 14. Nxd6 Qxd6 15. Bb1 Rac8 16. Ne5 Bc6 17. Bg5 Nbd5 18. Ra3 h6 19. Bxh6 Qxa3 20. bxa3 gxh6 21. Ng4 Kg7 22. Qd2 Nxg4 23. hxg4 Rh8 24. Re5 Bxa4 25. f3 Bb5 26. Rh5 Nf6 27. Rc5 Bc6 28. g5 Nd5 29. gxh6+ Kf8 30. h7 Ke8 31. Qh6 Kd7 32. Qg7 Rcf8 33. Bg6 b6 34. Rc1 Ne7 35. Bxf7 Nf5 36. Bxe6+ Kxe6 37. Rxc6+ Kd5 1-0

[Event "Muensterland Verbandsklasse 1819"]
[Site "Germany"]
[Date "2018.10.06"]
[Round "2.6"]
[White "Bartsch, Jan"]
[Black "Hols, Bernhard"]
[Result "1-0"]
[WhiteElo "1736"]
[BlackElo "1768"]
[PlyCount "125"]
[EventDate "2018.09.15"]
[EventType "team-tourn"]
[EventRounds "9"]
[EventCountry "GER"]
[SourceTitle "EXT 2020"]
[Source "ChessBase"]
[SourceDate "2019.10.17"]
[SourceVersion "1"]
[SourceVersionDate "2019.10.17"]
[SourceQuality "1"]
[WhiteTeam "Saerbeck"]
[BlackTeam "Nordwalde"]
[WhiteTeamCountry "GER"]
[BlackTeamCountry "GER"]

1. b3 d5 2. Bb2 Nf6 3. e3 Bg4 4. Be2 Bxe2 5. Qxe2 c6 6. Nf3 Nbd7 7. d3 e6 8. Nbd2 Qa5 9. 0-0 Ba3 10. Bxa3 Qxa3 11. c4 0-0 12. e4 Rfd8 13. e5 Ne8 14. Nb1 Qb4 15. Qc2 d4 16. a3 Qb6 17. Re1 c5 18. Nbd2 Qc7 19. Re4 a6 20. Rae1 b5 21. Qd1 h6 22. g4 Nf8 23. h4 Rab8 24. g5 g6 25. h5 Qe7 26. gxh6 gxh5 27. Nh4 f5 28. Rf4 Qg5+ 29. Ng2 Ng6 30. Rf3 Kh7 31. Rh3 Qg4 32. Rxh5 Qxd1 33. Rxd1 Nxe5 34. Re1 Nxd3 35. Rxe6 Rb7 36. Nf3 bxc4 37. Ng5+ Kh8 38. bxc4 Rb1+ 39. Kh2 Rb7 40. Kg3 f4+ 41. Nxf4 Nxf4 42. Kxf4 d3 43. Ne4 Nc7 44. Re7 d2 45. Nxd2 Rxd2 46. Rxc5 Nd5+ 47. Rxd5 Rxf2+ 48. Kg3 Rxe7 49. Kxf2 Re6 50. Rh5 Kh7 51. c5 Re4 52. Kf3 Re1 53. a4 Ra1 54. Ke4 Rxa4+ 55. Kd5 Ra1 56. Kd6 Rd1+ 57. Rd5 Rf1 58. c6 Rf6+ 59. Kc7 Rxh6 60. Rd7+ Kg8 61. Kb7 Rh1 62. c7 Rb1+ 63. Ka7 1-0

[Event "Muensterland Verbandsklasse 1516"]
[Site "Germany"]
[Date "2016.03.12"]
[Round "7.8"]
[White "Overesch, Dieter"]
[Black "Hols, Bernhard"]
[Result "0-1"]
[WhiteElo "1701"]
[BlackElo "1734"]
[PlyCount "70"]
[EventDate "2015.09.19"]
[EventType "team"]
[EventRounds "9"]
[EventCountry "GER"]
[SourceTitle "EXT 2017"]
[Source "ChessBase"]
[SourceDate "2016.10.25"]
[SourceVersion "1"]
[SourceVersionDate "2016.10.25"]
[SourceQuality "1"]
[WhiteTeam "Muenster Indische Dame"]
[BlackTeam "Nordwalde"]
[WhiteTeamCountry "GER"]
[BlackTeamCountry "GER"]

1. d4 d5 2. Nf3 Nf6 3. e3 Bg4 4. c3 e6 5. Nbd2 Bd6 6. Qb3 Qc8 7. c4 c6 8. Be2 Nbd7 9. 0-0 0-0 10. h3 Bh5 11. Re1 Re8 12. Qc2 e5 13. Nxe5 Nxe5 14. Bxh5 Nxh5 15. dxe5 Rxe5 16. Nf3 Rf5 17. Nd4 Re5 18. Nf3 Re4 19. Ng5 Qf5 20. Nxe4 dxe4 21. f4 Ng3 22. Qf2 Qg6 23. Kh2 Nf5 24. g4 Ne7 25. Bd2 Qe6 26. Kg2 Qxc4 27. Qe2 Qe6 28. Bc3 Nd5 29. Qd2 Bc5 30. a3 Rd8 31. Bd4 Nxf4+ 32. exf4 Rxd4 33. Qc2 e3 34. Qxc5 Qe4+ 35. Kg1 Rd2 0-1

[Event "Muensterland Verbandsklasse-B 1112"]
[Site "Germany"]
[Date "2011.12.10"]
[Round "4.8"]
[White "Huesmann, Stephan"]
[Black "Hols, Bernhard"]
[Result "1-0"]
[WhiteElo "1699"]
[BlackElo "1748"]
[PlyCount "47"]
[EventDate "2011.09.17"]
[EventType "team-tourn"]
[EventRounds "9"]
[EventCountry "GER"]
[SourceTitle "EXT 2013"]
[Source "ChessBase"]
[SourceDate "2012.11.22"]
[SourceVersion "1"]
[SourceVersionDate "2012.11.22"]
[SourceQuality "1"]
[WhiteTeam "Rheine Klein Berlin II"]
[BlackTeam "Nordwalde"]
[WhiteTeamCountry "GER"]
[BlackTeamCountry "GER"]

1. e4 c5 2. Nf3 d6 3. d4 cxd4 4. Nxd4 Nc6 5. Be3 Bd7 6. Nc3 Nf6 7. Qd2 Ng4 8. Bg5 Qb6 9. Nb3 h6 10. Bh4 g5 11. Nd5 Qd8 12. Bg3 Bg7 13. 0-0-0 a5 14. f3 a4 15. Nc5 Nge5 16. Nxd7 Nxd7 17. h4 a3 18. b3 Nd4 19. hxg5 Nc5 20. Qb4 Kf8 21. Rxd4 Bxd4 22. Qxd4 e5 23. Bxe5 Qxg5+ 24. Bf4 1-0

[Event "Steinfurt Bezirksliga 0708"]
[Site "Germany"]
[Date "2008.02.23"]
[Round "6.1"]
[White "Hols, Bernhard"]
[Black "Braemik, Simon"]
[Result "1-0"]
[WhiteElo "1736"]
[BlackElo "1532"]
[PlyCount "89"]
[EventDate "2007.09.22"]
[EventType "team-tourn"]
[EventRounds "9"]
[EventCountry "GER"]
[SourceTitle "EXT 2009"]
[Source "ChessBase"]
[SourceDate "2008.11.26"]
[SourceVersion "1"]
[SourceVersionDate "2008.11.26"]
[SourceQuality "1"]
[WhiteTeam "Nordwalde II"]
[BlackTeam "Rheine SG"]
[WhiteTeamCountry "GER"]
[BlackTeamCountry "GER"]

1. c4 e5 2. Nc3 Nf6 3. g3 c6 4. d4 exd4 5. Qxd4 Be7 6. e4 d6 7. Bf4 c5 8. Qd2 Nc6 9. Bg2 Be6 10. b3 0-0 11. Nge2 Ne8 12. Rd1 f5 13. 0-0 Rc8 14. Nb5 fxe4 15. Bxe4 Bh3 16. Bg2 Bxg2 17. Kxg2 Rf6 18. Nbc3 Rg6 19. Nd5 Bg5 20. Bxg5 Qxg5 21. Qxg5 Rxg5 22. f4 Rf5 23. g4 Rf7 24. g5 Ne7 25. Ng3 Nxd5 26. Rxd5 g6 27. f5 Rd8 28. Ne4 gxf5 29. Nxc5 Ng7 30. Rfd1 b6 31. Na6 Rfd7 32. Nb4 f4 33. Kf3 Re8 34. Rxd6 Re3+ 35. Kg4 Rf7 36. Nd5 Re2 37. Nf6+ Kf8 38. Rd8+ Ne8 39. Rxe8+ Rxe8 40. Nxe8 Kxe8 41. Re1+ Kd7 42. Rf1 Rg7 43. Rxf4 h6 44. h4 hxg5 45. hxg5 1-0

[Event "Steinfurt Bezirksliga 0405"]
[Site "Germany"]
[Date "2005.02.05"]
[Round "6.1"]
[White "Hols, Bernhard"]
[Black "Brinkmann, Franz Josef"]
[Result "1/2-1/2"]
[WhiteElo "1723"]
[BlackElo "1741"]
[PlyCount "120"]
[EventDate "2004.09.25"]
[EventType "team-tourn"]
[EventRounds "11"]
[EventCountry "GER"]
[SourceTitle "EXT 2006"]
[Source "ChessBase"]
[SourceDate "2005.11.24"]
[SourceVersion "1"]
[SourceVersionDate "2005.11.24"]
[SourceQuality "1"]
[WhiteTeam "Nordwalde II"]
[BlackTeam "Rheine Klein Berlin II"]
[WhiteTeamCountry "GER"]
[BlackTeamCountry "GER"]

1. c4 c5 2. Nc3 Nf6 3. g3 Nc6 4. Bg2 a6 5. e4 e5 6. Nge2 d6 7. 0-0 Be7 8. d3 0-0 9. f4 Bg4 10. h3 Bxe2 11. Nxe2 b5 12. g4 exf4 13. e5 Nxe5 14. Bxa8 Qxa8 15. Nxf4 bxc4 16. dxc4 Nxc4 17. b3 Ne5 18. Bb2 Nfd7 19. Qd5 Bh4 20. Rad1 Be7 21. Qxa8 Rxa8 22. Nd5 Bf8 23. Rf4 f6 24. Nc7 Ra7 25. Nd5 Ng6 26. Ra4 Nde5 27. b4 Nc4 28. Bc3 cxb4 29. Rxb4 Nge5 30. Kh1 Kf7 31. Bd4 Rd7 32. Ra4 a5 33. Bxe5 Nxe5 34. Rxa5 Rb7 35. Rf1 Nc4 36. Ra4 Ne5 37. Rb4 Ra7 38. Rb2 Ke6 39. Nf4+ Kd7 40. Ra1 g5 41. Nh5 Be7 42. a4 Nc4 43. Rf2 Ke6 44. Ng7+ Kd7 45. Nf5 Bd8 46. Rc2 Ne5 47. Rd2 Bc7 48. Nd4 Ba5 49. Rc2 Rb7 50. Nb5 Ke6 51. Rc8 h5 52. gxh5 Rh7 53. Ra8 Bb4 54. a5 Rxh5 55. a6 Rxh3+ 56. Kg2 Rh4 57. a7 Rg4+ 58. Kh3 Rh4+ 59. Kg2 Rg4+ 60. Kh3 Rh4+ 1/2-1/2

[Event "Steinfurt Bezirksliga 0405"]
[Site "Germany"]
[Date "2004.10.30"]
[Round "2.1"]
[White "Hols, Bernhard"]
[Black "Ulunque Villazon, Humberto"]
[Result "1-0"]
[WhiteElo "1723"]
[BlackElo "1539"]
[PlyCount "110"]
[EventDate "2004.09.25"]
[EventType "team-tourn"]
[EventRounds "11"]
[EventCountry "GER"]
[SourceTitle "EXT 2006"]
[Source "ChessBase"]
[SourceDate "2005.11.24"]
[SourceVersion "1"]
[SourceVersionDate "2005.11.24"]
[SourceQuality "1"]
[WhiteTeam "Nordwalde II"]
[BlackTeam "Saerbeck III"]
[WhiteTeamCountry "GER"]
[BlackTeamCountry "GER"]

1. c4 Nf6 2. Nc3 c5 3. g3 e6 4. e4 d6 5. Bg2 Nbd7 6. Nge2 a6 7. d3 Be7 8. 0-0 0-0 9. f4 Qc7 10. Rf3 b6 11. g4 Bb7 12. g5 Ne8 13. Rh3 g6 14. Qe1 f5 15. exf5 Rxf5 16. Ng3 Rf7 17. Bxb7 Qxb7 18. Qxe6 Nf8 19. Qd5 Ra7 20. Bd2 Qd7 21. Rh6 Nc7 22. Qe4 Nce6 23. Nd5 Bd8 24. Re1 Nd4 25. Kg2 Nf5 26. Nxf5 Rxf5 27. h4 Qf7 28. h5 b5 29. hxg6 Nxg6 30. Nf6+ Rxf6 31. gxf6 Bxf6 32. Qe8+ Qxe8 33. Rxe8+ Kg7 34. Rh1 b4 35. b3 Nh4+ 36. Kf2 Nf5 37. Bc1 a5 38. Re2 Bd4+ 39. Kg2 Kf8 40. Rh5 Rg7+ 41. Rg5 Rf7 42. Bb2 h6 43. Rxf5 Rxf5 44. Bxd4 cxd4 45. Re4 d5 46. Rxd4 dxc4 47. dxc4 Ke7 48. Kf3 h5 49. Kg3 Kf6 50. Rd6+ Kg7 51. Rb6 h4+ 52. Kg4 Rf6 53. Rb5 Rh6 54. Kh3 Rf6 55. f5 Rh6 1-0

[Event "Muensterland Verbandsklasse-A 0304"]
[Site "Germany"]
[Date "2004.03.27"]
[Round "8.8"]
[White "Wehmeier, Sven"]
[Black "Hols, Bernhard"]
[Result "1-0"]
[WhiteElo "1719"]
[BlackElo "1740"]
[PlyCount "159"]
[EventDate "2003.09.20"]
[EventType "team"]
[EventRounds "9"]
[EventCountry "GER"]
[SourceTitle "EXT 2005"]
[Source "ChessBase"]
[SourceDate "2004.11.15"]
[SourceVersion "1"]
[SourceVersionDate "2004.11.15"]
[SourceQuality "1"]
[WhiteTeam "Emsdetten Turm III"]
[BlackTeam "Nordwalde"]
[WhiteTeamCountry "GER"]
[BlackTeamCountry "GER"]

1. e4 c5 2. Nf3 d6 3. d4 cxd4 4. Qxd4 Nc6 5. Bb5 Bd7 6. Bxc6 bxc6 7. 0-0 e5 8. Qd3 h6 9. b3 Nf6 10. Ba3 Qc7 11. Nbd2 Rd8 12. Rad1 Be6 13. Nc4 c5 14. Rd2 Be7 15. c3 0-0 16. Rfd1 Bg4 17. h3 Bh5 18. Qe3 Bg6 19. Nfxe5 dxe5 20. Rxd8 Rxd8 21. Rxd8+ Qxd8 22. Nxe5 Qd1+ 23. Kh2 Bd6 24. f4 Nxe4 25. Nxg6 fxg6 26. Qxe4 Qd2 27. Bxc5 Bxc5 28. Qc4+ Kh7 29. Qxc5 Qxf4+ 30. Kh1 Qf1+ 31. Qg1 Qa6 32. Qb1 h5 33. c4 Kh6 34. Qc1+ Kh7 35. Qc2 Kh6 36. b4 Qa3 37. Qd2+ Kh7 38. c5 Qa6 39. Kg1 Qc4 40. Qb2 a5 41. a3 a4 42. Kf2 Qf4+ 43. Ke1 Qg3+ 44. Kf1 Qd3+ 45. Kf2 Qc4 46. Qe2 Qh4+ 47. Kf1 Qf4+ 48. Qf3 Qc1+ 49. Kf2 Qc4 50. c6 Qc2+ 51. Ke3 Qc4 52. Kd2 Qa2+ 53. Kc3 Qxa3+ 54. Kc4 Qc1+ 55. Qc3 Qf1+ 56. Kc5 Qf4 57. Kb5 a3 58. Qxa3 Qb8+ 59. Kc5 Qe5+ 60. Kc4 Qe4+ 61. Kb5 Qe5+ 62. Ka6 Qb8 63. Qc3 Qc8+ 64. Ka5 Qc7+ 65. Ka4 Kh6 66. Qd2+ Kh7 67. Qd7 Qb8 68. c7 Qa7+ 69. Kb5 Qb7+ 70. Kc5 Qa7+ 71. Kc4 Qa2+ 72. Kb5 Qe2+ 73. Kb6 Qe3+ 74. Ka6 Qe2+ 75. b5 Qa2+ 76. Kb6 Qf2+ 77. Kb7 Qxg2+ 78. Kb8 Qg3 79. b6 Qf4 80. b7 1-0